| 000 | 00599nam a22002177a 4500 | ||
|---|---|---|---|
| 003 | OSt | ||
| 005 | 20140310181926.0 | ||
| 008 | 130720t xxu||||| |||| 00| 0 eng d | ||
| 020 | _a9715693172 | ||
| 050 |
_aDS 688 _b.M663 1999 |
||
| 082 |
_aFIL 959.7 _bM66 1999 |
||
| 245 |
_aMindanao : _ba portrait. |
||
| 260 |
_aMakati City : _b Bookmark, _cc1999. |
||
| 300 |
_a241 p. ; _c28 cm. |
||
| 521 | _aBasic Ed.Students | ||
| 541 | _j1 | ||
| 562 | _e1 | ||
| 650 | _2. Mindanao--History--Pictorial works. | ||
| 650 | _2Mindanao--Social life and customs | ||
| 942 |
_2lcc _cBK-FIL _kFIL |
||
| 999 |
_c7183 _d7183 |
||